Estadísticas para Países con los Nombres más Cortos A-Z

Haz click aquí para intentar la prueba.

Estadísticas generales

  • Esta prueba ha sido intentada 10.297 veces
  • La puntuación promedio es 17 de 23

Estadísticas de respuestas

LetraExtensiónPaís% Correcto
O4Omán
88%
Y5Yemen
87%
Z6Zambia
84%
N5Nauru/Nepal/Níger
83%
S5Samoa/Siria/Sudán/Suiza
83%
C4Chad/Cuba
82%
V7Vanuatu/Vietnam
81%
F4Fiyi
79%
L4Laos
79%
B5Benín/Bután
78%
P4Perú
78%
M4Malí
76%
E6Egipto/España
75%
T4Togo
75%
G5Ghana/Gabon
74%
I4Irán/Irak
72%
K5Kenia
72%
U6Uganda
72%
R5Rusia
71%
J5Japón
69%
H5Haití
67%
A6Angola
55%
D8Dominica
52%

Distribución de puntuación

Porcentaje por número respondido

Porcentaje de gente con cada puntuación

Historial de tus puntuaciones

No has intentado esta prueba.